Top 100 Baby Girl Names in Portugal (2016) - Alphabetical - Statistics

General Stats
  • This quiz has been taken 803 times
  • The average score is 37 of 102
Answer Stats
Answer % Correct
1 M Maria
95%
7 A Ana
94%
8 S Sofia
73%
26 S Sara
72%
96 S Sarah
72%
52 I Isabel
68%
6 B Beatriz
67%
15 J Joana
65%
5 M Mariana
65%
9 I Inês
64%
4 C Carolina
62%
13 L Laura
62%
83 A Amélia
61%
85 E Emília
61%
17 D Diana
58%
11 F Francisca
58%
48 J Júlia
58%
84 O Olívia
58%
35 L Luísa
55%
46 V Victória
54%
33 V Vitória
54%
34 E Ema
52%
90 E Emma
52%
12 L Lara
52%
42 M Marta
52%
14 A Alice
51%
55 D Daniela
51%
27 R Rita
51%
36 C Catarina
50%
63 R Raquel
50%
50 H Helena
49%
30 E Eva
48%
100 P Patrícia
47%
10 M Margarida
46%
29 G Gabriela
45%
75 I Isabela
45%
3 L Leonor
45%
71 A Alexandra
44%
16 C Clara
44%
96 V Vera
44%
53 B Bárbara
43%
59 T Teresa
43%
57 L Lia
42%
2 M Matilde
39%
81 A Áurea
38%
27 C Camila
38%
64 F Filipa
38%
25 I Íris
38%
31 C Carlota
37%
59 J Jéssica
37%
65 M Mia
35%
42 A Alícia
34%
70 J Juliana
33%
38 Y Yasmin
33%
76 A Adriana
32%
24 B Bianca
31%
57 B Bruna
31%
18 M Madalena
30%
93 N Nádia
30%
96 T Tatiana
30%
37 A Ariana
28%
67 L Luna
27%
22 M Mafalda
27%
56 M Melissa
26%
54 N Nicole
26%
50 V Valentina
25%
39 Y Yara
24%
76 A Aurora
23%
20 M Mara
23%
66 E Érica
22%
45 R Rafaela
21%
23 C Constança
20%
99 J Julieta
19%
19 L Luana
19%
44 L Luena
19%
47 N Núria
19%
90 A Anita
18%
21 B Benedita
17%
82 E Eduarda
17%
40 M Miriam
17%
79 S Soraia
16%
62 I Iara
15%
32 L Letícia
15%
72 M Mélanie
15%
76 D Débora
14%
88 I Irina
14%
93 P Petra
14%
89 R Renata
14%
74 K Kelly
13%
49 K Kyara
13%
87 F Frederica
11%
72 P Pilar
11%
90 L Larissa
10%
80 L Lorena
10%
59 N Noa
10%
41 C Carminho
9%
69 C Caetana
8%
68 I Isis
8%
100 S Salomé
7%
86 N Naiara
3%
93 S Samira
3%
100 M Mayara
1%
No matching quizzes found
Score Distribution
Percent of People with Each Score
Percentile by Number Answered
Your Score History
You have not taken this quiz